[Event "Philadelphia Open"]
[Site "Philadelphia, PA"]
[Date "2011.04.21"]
[Round "2"]
[White "Finney, Stuart"]
[Black "Yeager, Daniel A"]
[Result "1/2-1/2"]
[WhiteElo "2122"]
[BlackElo "2289"]
[PlyCount "101"]
[EventDate "2011.04.??"]
[EventType "swiss"]
[EventRounds "9"]
[EventCountry "USA"]
[Source "MonRoi"]

1. e4 c5 2. Nf3 d6 3. d4 cxd4 4. Nxd4 Nf6 5. Nc3 a6 6. Be3 e5 7. Nb3 Be7 8. f3
Be6 9. Qd2 O-O 10. O-O-O Nbd7 11. g4 b5 12. g5 b4 13. Ne2 Ne8 14. f4 a5 15. f5
Bxb3 16. cxb3 a4 17. bxa4 Rxa4 18. Kb1 Rxa2 19. Nc1 Ra8 20. Nb3 Qc8 21. h4 Qc6
22. g6 Nef6 23. Rg1 Rfc8 24. Rc1 Qxe4+ 25. Bd3 Qd5 26. Rxc8+ Rxc8 27. Nc1 e4
28. gxh7+ Kxh7 29. Qg2 Bf8 30. Bc2 Qxf5 31. Ne2 d5 32. Nd4 Qh5 33. Qh3 Kh8 34.
Rg5 Qh7 35. Rf5 Ra8 36. Bg5 Bc5 37. Nb3 Bb6 38. Rxd5 Nxd5 39. Qxd7 Nc7 40. Bd8
f5 41. Bxc7 Bxc7 42. Qxc7 Qxh4 43. Qb7 Qe1+ 44. Nc1 Ra5 45. Qf7 Qd2 46. Nb3
Qe1+ 47. Nc1 Qe3 48. Bb3 Kh7 49. Qg8+ Kh6 50. Qh8+ Kg6 51. Qe8+ 1/2-1/2

[Event "Philadelphia Open"]
[Site "Philadelphia, PA"]
[Date "2011.04.21"]
[Round "3"]
[White "Kekelidze, Mikheil"]
[Black "Becerra Rivero, Julio"]
[Result "1/2-1/2"]
[WhiteElo "2460"]
[BlackElo "2549"]
[PlyCount "63"]
[EventDate "2011.04.??"]
[EventType "swiss"]
[EventRounds "9"]
[EventCountry "USA"]
[Source "MonRoi"]

1. d4 Nf6 2. c4 g6 3. Nc3 Bg7 4. e4 d6 5. Nf3 O-O 6. Be2 e5 7. O-O Nc6 8. d5
Ne7 9. Ne1 Ne8 10. Nd3 f5 11. Bd2 Nf6 12. f3 f4 13. c5 g5 14. cxd6 cxd6 15. Nf2
Ng6 16. Qc2 Rf7 17. Rfc1 a6 18. a4 b6 19. a5 b5 20. Na2 h5 21. h3 Bf8 22. Nb4
Ne8 23. Ra3 Rc7 24. Qd1 Rxc1 25. Qxc1 Bb7 26. Nc6 Qd7 27. Rc3 Rc8 28. Be1 Nf6
29. Qc2 Kg7 30. Kf1 Ne7 31. Nb4 Qd8 32. Rxc8 1/2-1/2

[Event "Philadelphia Open"]
[Site "Philadelphia, PA"]
[Date "2011.04.21"]
[Round "3"]
[White "Ludwig, Daniel"]
[Black "Perelshteyn, Eugene"]
[Result "1/2-1/2"]
[WhiteElo "2450"]
[BlackElo "2533"]
[PlyCount "73"]
[EventDate "2011.04.??"]
[EventType "swiss"]
[EventRounds "9"]
[EventCountry "USA"]
[Source "MonRoi"]

1. d4 Nf6 2. c4 g6 3. Nc3 Bg7 4. e4 d6 5. f3 a6 6. Be3 c6 7. c5 O-O 8. Nge2 b6
9. cxd6 exd6 10. Nf4 c5 11. dxc5 dxc5 12. Qxd8 Rxd8 13. Nfd5 Nbd7 14. O-O-O
Nxd5 15. Nxd5 Bb7 16. Bg5 f6 17. Bc4 fxg5 18. Nxb6+ Kh8 19. Nxa8 Bxa8 20. Rd6
Be5 21. Rhd1 Bxd6 22. Rxd6 Kg7 23. Be6 Kf6 24. Rxd7 Rxd7 25. Bxd7 Ke5 26. Kd2
Kd4 27. Be6 Bc6 28. Bg8 Be8 29. g3 g4 30. Ke2 h6 31. Bd5 Bb5+ 32. Kf2 Bd3 33.
Bb7 a5 34. e5 Kxe5 35. Ke3 Bf5 36. f4+ Kd6 37. Bg2 1/2-1/2

[Event "Philadelphia Open"]
[Site "Philadelphia, PA"]
[Date "2011.04.21"]
[Round "3"]
[White "Song, Michael"]
[Black "Mitkov, Nikola"]
[Result "0-1"]
[WhiteElo "2062"]
[BlackElo "2529"]
[PlyCount "102"]
[EventDate "2011.04.??"]
[EventType "swiss"]
[EventRounds "9"]
[EventCountry "USA"]
[Source "MonRoi"]

1. e4 e5 2. Bc4 Nf6 3. d4 exd4 4. Nf3 Nc6 5. O-O Nxe4 6. Re1 d5 7. Bxd5 Qxd5 8.
Nc3 Qa5 9. Nxe4 Be6 10. Bg5 h6 11. Bh4 Bb4 12. Re2 g5 13. a3 Be7 14. Bg3 O-O-O
15. b4 Qd5 16. c4 dxc3 17. Qe1 Qb3 18. Nxc3 Rd3 19. Nb5 Rhd8 20. Nd2 Qa4 21.
Nxc7 Bf6 22. Nxe6 fxe6 23. Rc1 Bc3 24. h3 e5 25. Kh2 Kb8 26. Rxe5 Bxe5 27.
Bxe5+ Ka8 28. Nc4 Rd1 29. Rxd1 Qxd1 30. Qxd1 Rxd1 31. Bg7 b5 32. Ne3 Rd3 33.
Bxh6 Rxa3 34. Nd5 Rd3 35. Nc7+ Kb7 36. Ne6 Rd2 37. Bxg5 Rxf2 38. h4 Rb2 39. Kg3
Ne5 40. h5 Kc6 41. Bf6 Kd6 42. Nf4 Rb3+ 43. Kh4 Rxb4 44. g3 Nf7 45. Kg4 Rb3 46.
Kh4 b4 47. Bg7 Rb1 48. g4 b3 49. g5 Rh1+ 50. Kg4 Rg1+ 51. Kf5 Rxg5+ 0-1

[Event "Philadelphia Open"]
[Site "Philadelphia, PA"]
[Date "2011.04.21"]
[Round "3"]
[White "Tom, George"]
[Black "Stocek, Jiri"]
[Result "0-1"]
[WhiteElo "2087"]
[BlackElo "2580"]
[PlyCount "48"]
[EventDate "2011.04.??"]
[EventType "swiss"]
[EventRounds "9"]
[EventCountry "USA"]
[Source "MonRoi"]

1. c4 Nf6 2. Nc3 e5 3. g3 c6 4. d4 exd4 5. Qxd4 Na6 6. Bg2 Bc5 7. Qe5+ Kf8 8.
Nh3 d6 9. Qf4 h6 10. O-O g5 11. Qd2 Be6 12. b3 Qd7 13. Nxg5 hxg5 14. Qxg5 Qe7
15. Bb2 Rxh2 16. Bf3 Rxf2 17. Rxf2 Bxf2+ 18. Kxf2 Ng4+ 19. Qxg4 Bxg4 20. Bxg4
Qg5 21. Bf3 Qd2 22. Na4 Nc5 23. Bc3 Qc2 24. Bb4 Nd3+ 0-1

[Event "Philadelphia Open"]
[Site "Philadelphia, PA"]
[Date "2011.04.21"]
[Round "3"]
[White "Milman, Lev"]
[Black "Daly, Troy"]
[Result "1-0"]
[WhiteElo "2462"]
[BlackElo "2125"]
[PlyCount "63"]
[EventDate "2011.04.??"]
[EventType "swiss"]
[EventRounds "9"]
[EventCountry "USA"]
[Source "MonRoi"]

1. e4 c5 2. Nf3 Nc6 3. d4 cxd4 4. Nxd4 g6 5. Nc3 Bg7 6. Be3 Nf6 7. Bc4 O-O 8.
Bb3 d6 9. f3 Bd7 10. h4 h5 11. Qd2 Rc8 12. O-O-O Ne5 13. Kb1 Nc4 14. Bxc4 Rxc4
15. Nde2 b5 16. b3 Rc8 17. Bd4 Bc6 18. Nd5 Bxd5 19. exd5 Qc7 20. Rhe1 Kh7 21.
g4 hxg4 22. fxg4 Ne4 23. Qd3 Bxd4 24. Qxe4 Be5 25. h5 Kg7 26. hxg6 fxg6 27. Nd4
Bxd4 28. Qxd4+ Kg8 29. Qe4 Rf2 30. Qxg6+ Kf8 31. Re2 Qc5 32. Rh1 1-0

[Event "Philadelphia Open"]
[Site "Philadelphia, PA"]
[Date "2011.04.21"]
[Round "3"]
[White "Fedorowicz, John"]
[Black "Finney, Stuart"]
[Result "1-0"]
[WhiteElo "2444"]
[BlackElo "2122"]
[PlyCount "51"]
[EventDate "2011.04.??"]
[EventType "swiss"]
[EventRounds "9"]
[EventCountry "USA"]
[Source "MonRoi"]

1. d4 d5 2. c4 e6 3. Nc3 c6 4. Nf3 Nf6 5. Bg5 dxc4 6. a4 Bb4 7. e3 b5 8. Nd2
Qb6 9. Bxf6 gxf6 10. Qf3 Bb7 11. Qxf6 Rf8 12. Be2 Nd7 13. Qh4 Be7 14. Qxh7
O-O-O 15. Bf3 a6 16. Qc2 c5 17. axb5 axb5 18. O-O Rh8 19. Bxb7+ Qxb7 20. Qe4
Qb6 21. Qa8+ Nb8 22. Ra5 cxd4 23. exd4 Bd6 24. g3 f5 25. Rxb5 Qc7 26. Nxc4 1-0

[Event "Philadelphia Open"]
[Site "Philadelphia, PA"]
[Date "2011.04.21"]
[Round "3"]
[White "Veech, John"]
[Black "Bartholomew, John"]
[Result "0-1"]
[WhiteElo "2108"]
[BlackElo "2442"]
[PlyCount "106"]
[EventDate "2011.04.??"]
[EventType "swiss"]
[EventRounds "9"]
[EventCountry "USA"]
[Source "MonRoi"]

1. d4 d5 2. c4 c6 3. Nf3 Nf6 4. Nc3 dxc4 5. a4 Bf5 6. Ne5 Nbd7 7. Nxc4 Nb6 8.
Ne3 Bg6 9. a5 Nbd7 10. g3 e6 11. Bg2 Rc8 12. O-O Be7 13. Nc4 O-O 14. e4 b5 15.
axb6 axb6 16. Ne3 Bb4 17. e5 Nd5 18. Qb3 Nxe3 19. Bxe3 Be7 20. Rfc1 c5 21. Nb5
cxd4 22. Rxc8 Qxc8 23. Bxd4 Nc5 24. Qe3 Nd3 25. Na7 Qc2 26. Nc6 Bc5 27. Bxc5
bxc5 28. Rf1 c4 29. Ne7+ Kh8 30. Nxg6+ hxg6 31. Be4 Qxb2 32. Bxd3 cxd3 33. Qxd3
Qxe5 34. Rd1 Rb8 35. Qc4 Kg8 36. Kg2 Qf6 37. Qc7 Rb2 38. Qd8+ Kh7 39. Qxf6 gxf6
40. Rd7 Kg7 41. g4 g5 42. Rd3 Kg6 43. Kg3 f5 44. gxf5+ Kxf5 45. Rf3+ Kg6 46. h4
Rb5 47. Re3 gxh4+ 48. Kxh4 Rg5 49. f4 Rg1 50. Re5 Kf6 51. Kh5 Ke7 52. Rg5 Rxg5+
53. Kxg5 f5 0-1

[Event "Philadelphia Open"]
[Site "Philadelphia, PA"]
[Date "2011.04.21"]
[Round "3"]
[White "Lapshun, Yury"]
[Black "Shetty, Atulya"]
[Result "1-0"]
[WhiteElo "2438"]
[BlackElo "2094"]
[PlyCount "157"]
[EventDate "2011.04.??"]
[EventType "swiss"]
[EventRounds "9"]
[EventCountry "USA"]
[Source "MonRoi"]

1. d4 d5 2. Bg5 c6 3. c3 Bf5 4. e3 Qb6 5. Qb3 Nd7 6. Nf3 Ngf6 7. Nbd2 e6 8. Be2
Bd6 9. O-O O-O 10. c4 Ne4 11. Nxe4 Bxe4 12. Nd2 Qc7 13. f4 dxc4 14. Nxc4 Bd5
15. Qc2 Bxc4 16. Bxc4 Nb6 17. Bd3 h6 18. Bh4 Nd5 19. Qe2 c5 20. dxc5 Bxc5 21.
Bf2 Qb6 22. Rfe1 Rfd8 23. Bc4 Rac8 24. Bxd5 Rxd5 25. Rac1 Rcd8 26. Rc2 Qd6 27.
a3 Bb6 28. h3 e5 29. e4 Bxf2+ 30. Qxf2 Rd1 31. f5 Rd4 32. Kh2 Qe7 33. Qg3 Kh7
34. Qg4 R8d6 35. Rec1 b6 36. Rc8 Rd7 37. h4 Rd8 38. R1c7 R4d7 39. Rxd8 Rxc7 40.
Rd3 Rc2 41. b4 Rf2 42. Rg3 Qf6 43. Qh3 Rf4 44. Rg4 Rxg4 45. Qxg4 Qd6 46. Qf3
Qd8 47. Kh3 Qd4 48. f6 gxf6 49. Qxf6 Qe3+ 50. Kh2 Qxe4 51. Qxf7+ Kh8 52. Qf6+
Kh7 53. h5 Qe3 54. a4 Qe4 55. a5 Qxb4 56. Qg6+ Kh8 57. Qxh6+ Kg8 58. Qg5+ Kh7
59. axb6 axb6 60. Qf5+ Kg8 61. Qxe5 b5 62. Kh3 Qc4 63. g4 b4 64. Kh4 Qc3 65.
Qe8+ Kg7 66. Qd7+ Kg8 67. Qd5+ Kh8 68. g5 Qe1+ 69. Kg4 Qe2+ 70. Kf5 Qxh5 71.
Kf6 Qe8 72. Qd4 b3 73. g6 Qf8+ 74. Kg5+ Qg7 75. Qh4+ Kg8 76. Qc4+ Kh8 77. Qc8+
Qg8 78. Qh3+ Kg7 79. Qh6# 1-0

[Event "Philadelphia Open"]
[Site "Philadelphia, PA"]
[Date "2011.04.21"]
[Round "3"]
[White "Heredia, Carla"]
[Black "Arnold, Marc"]
[Result "0-1"]
[WhiteElo "2104"]
[BlackElo "2435"]
[PlyCount "72"]
[EventDate "2011.04.??"]
[EventType "swiss"]
[EventRounds "9"]
[EventCountry "USA"]
[Source "MonRoi"]

1. e4 c5 2. Nc3 d6 3. Nf3 a6 4. d4 cxd4 5. Nxd4 Nf6 6. g3 e6 7. Bg2 Qc7 8. O-O
Bd7 9. a4 Nc6 10. Nxc6 Bxc6 11. a5 Be7 12. Be3 Rc8 13. Qe2 O-O 14. Qc4 Qb8 15.
Qa2 Ng4 16. Bd4 Bd8 17. h3 e5 18. hxg4 exd4 19. Ne2 Bb5 20. Rfe1 Bf6 21. g5 Be5
22. Rac1 Qa7 23. Nf4 Rc4 24. b3 Rc3 25. Nd5 Rxg3 26. fxg3 d3+ 27. Re3 Bd4 28.
Kf2 f5 29. gxf6 Bc6 30. b4 Bxd5 31. Qxd5+ Kh8 32. Rf1 Bxe3+ 33. Kf3 Rxf6+ 34.
Kg4 Bf2 35. e5 Rg6+ 36. Kh4 Qe3 0-1

[Event "Philadelphia Open"]
[Site "Philadelphia, PA"]
[Date "2011.04.21"]
[Round "3"]
[White "McCartney, Patrick"]
[Black "Vucic, Mladen"]
[Result "0-1"]
[WhiteElo "2083"]
[BlackElo "2332"]
[PlyCount "86"]
[EventDate "2011.04.??"]
[EventType "swiss"]
[EventRounds "9"]
[EventCountry "USA"]
[Source "MonRoi"]

1. c4 e6 2. g3 f5 3. Bg2 Nf6 4. Nf3 d5 5. O-O c6 6. d3 Bd6 7. Nc3 O-O 8. Re1
Bb4 9. Qb3 Ba5 10. cxd5 cxd5 11. Bd2 Nc6 12. Rac1 Kh8 13. Nb5 a6 14. Na3 Bxd2
15. Nxd2 e5 16. Nab1 e4 17. e3 Ne5 18. Bf1 Qe7 19. d4 Nc6 20. Nc3 Qf7 21. Na4
f4 22. exf4 Nxd4 23. Qc3 Nc6 24. Nb6 Rb8 25. Bxa6 d4 26. Qc5 bxa6 27. Qxc6 e3
28. fxe3 dxe3 29. Rxe3 Bb7 30. Qc5 Rfd8 31. Re7 Qg6 32. Nbc4 Bd5 33. Ne5 Qh5
34. Re1 Rxb2 35. Ndf3 h6 36. Qd4 Rbb8 37. Qd3 Bxa2 38. Ng6+ Kg8 39. Qc2 Bb3 40.
Qg2 Qxg6 41. Nh4 Qd3 42. R7e3 Qd5 43. Qb2 Ba4 0-1

[Event "Philadelphia Open"]
[Site "Philadelphia, PA"]
[Date "2011.04.21"]
[Round "3"]
[White "Chiang, Sarah"]
[Black "Bonin, Jay"]
[Result "0-1"]
[WhiteElo "1936"]
[BlackElo "2296"]
[PlyCount "74"]
[EventDate "2011.04.??"]
[EventType "swiss"]
[EventRounds "9"]
[EventCountry "USA"]
[Source "MonRoi"]

1. d4 Nf6 2. c4 g6 3. Nc3 Bg7 4. e4 d6 5. Be2 Nc6 6. Nf3 Bg4 7. Be3 O-O 8. O-O
Re8 9. a3 Bxf3 10. Bxf3 e5 11. d5 Nd4 12. Re1 c5 13. b4 Rc8 14. Be2 a6 15. f3
Nd7 16. Rc1 cxb4 17. axb4 Qb6 18. Qa4 Bh6 19. Nd1 Bxe3+ 20. Nxe3 Qd8 21. Qa3
Qg5 22. Ng4 f5 23. Qe3 Qxe3+ 24. Nxe3 f4 25. Nf1 b6 26. Bd3 a5 27. Rb1 Ra8 28.
Nd2 axb4 29. Rxb4 Ra2 30. Nb3 Rb2 31. Rb1 Rxb1+ 32. Bxb1 Ra8 33. h3 Ra3 34. Nd2
Rc3 35. Kh2 Rc1 36. Rb2 Ne2 37. Bc2 Ng3 0-1

[Event "Philadelphia Open"]
[Site "Philadelphia, PA"]
[Date "2011.04.21"]
[Round "3"]
[White "Marcolino, Daniel"]
[Black "Yang, Darwin"]
[Result "0-1"]
[WhiteElo "2074"]
[BlackElo "2416"]
[PlyCount "88"]
[EventDate "2011.04.??"]
[EventType "swiss"]
[EventRounds "9"]
[EventCountry "USA"]
[Source "MonRoi"]

1. e4 e6 2. d4 d5 3. Nd2 dxe4 4. Nxe4 Nd7 5. Nf3 Ngf6 6. Bg5 h6 7. Bxf6 Nxf6 8.
Bd3 Be7 9. O-O O-O 10. c3 b6 11. Qe2 Bb7 12. Nxf6+ Bxf6 13. Be4 c6 14. Ne5 Qc7
15. f4 Rad8 16. Rf3 c5 17. Bxb7 Qxb7 18. dxc5 bxc5 19. c4 Rd4 20. Rb3 Qc7 21.
g3 Rfd8 22. Nf3 Qc6 23. Re3 R4d6 24. Rc1 Bd4 25. Nxd4 Rxd4 26. Qf3 Qa4 27. Ra3
Qb4 28. Qc3 Rd1+ 29. Rxd1 Rxd1+ 30. Kg2 Qb7+ 31. Kh3 Qd7 32. Qe5 Kh7 33. Qe4+
f5 34. Qf3 Rd2 35. Rb3 Qd4 36. Qe3 Qd7 37. Qf3 Rc2 38. Qd3 Qxd3 39. Rxd3 Rxb2
40. Ra3 Rb7 41. Ra5 g5 42. fxg5 hxg5 43. Rxc5 g4+ 44. Kh4 Kg6 0-1

[Event "Philadelphia Open"]
[Site "Philadelphia, PA"]
[Date "2011.04.21"]
[Round "3"]
[White "Kiewra, Keaton"]
[Black "Chiang, Michael"]
[Result "1/2-1/2"]
[WhiteElo "2380"]
[BlackElo "2064"]
[PlyCount "154"]
[EventDate "2011.04.??"]
[EventType "swiss"]
[EventRounds "9"]
[EventCountry "USA"]
[Source "MonRoi"]

1. e4 e5 2. Nf3 Nc6 3. Bb5 a6 4. Ba4 Nf6 5. d4 exd4 6. O-O Be7 7. Re1 b5 8. Bb3
d6 9. Bd5 Nxd5 10. exd5 Ne5 11. Nxd4 O-O 12. a4 Bg4 13. Qd2 Bd7 14. Nc3 b4 15.
Ne4 c5 16. dxc6 Nxc6 17. Nxc6 Bxc6 18. Qd3 d5 19. Ng3 Re8 20. Be3 Bf6 21. Bd4
Rxe1+ 22. Rxe1 Bxa4 23. Nf5 Bxd4 24. Qxd4 Qg5 25. Ne7+ Kh8 26. h4 Qf6 27. Qxf6
gxf6 28. b3 Bd7 29. Nxd5 Bf5 30. Nxb4 a5 31. Ra1 Be4 32. Nd3 Bxd3 33. cxd3 Rb8
34. Rxa5 Rxb3 35. Rd5 Rb1+ 36. Kh2 Kg7 37. Rd8 Rb4 38. Kg3 h5 39. d4 Rb3+ 40.
f3 Rb2 41. d5 Rd2 42. d6 Rd4 43. Kf2 Rd1 44. Ke2 Rd4 45. Ke3 Rd1 46. Kf4 Rd4+
47. Ke3 Rd1 48. g3 Rd5 49. Kf4 Rd4+ 50. Kf5 Rd5+ 51. Ke4 Rd1 52. Ke3 Rd5 53.
Kf2 Rd2+ 54. Kf1 Rd1+ 55. Kg2 Rd2+ 56. Kh3 Rd3 57. d7 Rd4 58. Kg2 Rd2+ 59. Kf1
Rd1+ 60. Ke2 Rd4 61. Ke3 Rd1 62. Kf4 Rd4+ 63. Kf5 Rd5+ 64. Ke4 Rd1 65. g4 hxg4
66. fxg4 Rd2 67. h5 Rd1 68. h6+ Kh7 69. Kf4 Rf1+ 70. Ke3 Rd1 71. Ke4 Rd2 72.
Ke3 Rd1 73. Kf4 Rf1+ 74. Ke4 Rd1 75. Ke3 Rd6 76. Kf4 Rd1 77. Ke4 Rd2 1/2-1/2

[Event "Philadelphia Open"]
[Site "Philadelphia, PA"]
[Date "2011.04.21"]
[Round "3"]
[White "Sivakumar, Kavinay"]
[Black "Adu, Oladapo"]
[Result "0-1"]
[WhiteElo "2064"]
[BlackElo "2295"]
[PlyCount "92"]
[EventDate "2011.04.??"]
[EventType "swiss"]
[EventRounds "9"]
[EventCountry "USA"]
[Source "MonRoi"]

1. e4 d6 2. d4 g6 3. Nc3 Bg7 4. Nf3 Bg4 5. Be3 c6 6. Bd3 Nd7 7. Qd2 Qc7 8.
O-O-O b5 9. h3 Bxf3 10. gxf3 Qa5 11. Kb1 Ngf6 12. Bh6 Bxh6 13. Qxh6 b4 14. Ne2
c5 15. Qe3 cxd4 16. Nxd4 Qc5 17. Nb5 O-O 18. Rhg1 Rfc8 19. Rg5 Qxe3 20. fxe3 h6
21. Rgg1 Nc5 22. Be2 Kf8 23. Nd4 a6 24. Nb3 Nxb3 25. cxb3 a5 26. Rc1 Nd7 27.
Rgd1 Rab8 28. Rd5 Rxc1+ 29. Kxc1 Rc8+ 30. Kd2 Nc5 31. e5 dxe5 32. Ke1 Kg7 33.
Rd2 f5 34. Rc2 Kf6 35. a3 Rc7 36. axb4 axb4 37. Rc4 Na6 38. Rxc7 Nxc7 39. Kf2
Ne6 40. Bc4 Nc5 41. Kg3 e4 42. f4 e5 43. h4 exf4+ 44. exf4 g5 45. fxg5+ hxg5
46. hxg5+ Kxg5 0-1

[Event "Philadelphia Open"]
[Site "Philadelphia, PA"]
[Date "2011.04.22"]
[Round "4"]
[White "Mitkov, Nikola"]
[Black "Gelashvili, Tamaz"]
[Result "0-1"]
[WhiteElo "2529"]
[BlackElo "2596"]
[PlyCount "88"]
[EventDate "2011.04.??"]
[EventType "swiss"]
[EventRounds "9"]
[EventCountry "USA"]
[Source "MonRoi"]

1. e4 c6 2. d4 d5 3. f3 Qb6 4. Nc3 dxe4 5. Nxe4 Bf5 6. c3 Nd7 7. Bd3 Bg6 8. Ne2
Ngf6 9. Nxf6+ Nxf6 10. Bxg6 hxg6 11. Qb3 e6 12. Bf4 Nd5 13. Be5 g5 14. Kf2 f6
15. Bg3 Qxb3 16. axb3 c5 17. Rhd1 a6 18. Kg1 cxd4 19. Nxd4 Bc5 20. Bf2 Bxd4 21.
Bxd4 O-O-O 22. c4 Nb4 23. Bb6 Rd7 24. h3 e5 25. Kf2 Re8 26. Rxd7 Kxd7 27. Rd1+
Kc6 28. Ba5 Nc2 29. Bc3 Re7 30. b4 Re6 31. b3 Rd6 32. Rxd6+ Kxd6 33. Ke2 Nd4+
34. Bxd4 exd4 35. Kd3 Ke5 36. g3 f5 37. c5 g4 38. hxg4 fxg4 39. fxg4 g5 40. Kd2
Ke4 41. Ke2 d3+ 42. Kd1 Ke3 43. Ke1 d2+ 44. Kd1 Kd3 0-1

[Event "Philadelphia Open"]
[Site "Philadelphia, PA"]
[Date "2011.04.22"]
[Round "4"]
[White "Becerra Rivero, Julio"]
[Black "Vucic, Mladen"]
[Result "1-0"]
[WhiteElo "2549"]
[BlackElo "2332"]
[PlyCount "35"]
[EventDate "2011.04.??"]
[EventType "swiss"]
[EventRounds "9"]
[EventCountry "USA"]
[Source "MonRoi"]

1. e4 c5 2. Nf3 e6 3. Nc3 Nc6 4. Bb5 Nd4 5. O-O a6 6. Bd3 d6 7. Nxd4 cxd4 8.
Ne2 Qb6 9. a4 Ne7 10. a5 Qa7 11. c3 Nc6 12. Bc2 dxc3 13. dxc3 b5 14. axb6 Qxb6
15. Nd4 Bd7 16. Ba4 Be7 17. Nxc6 Bxc6 18. Qd4 1-0

[Event "Philadelphia Open"]
[Site "Philadelphia, PA"]
[Date "2011.04.22"]
[Round "4"]
[White "Perelshteyn, Eugene"]
[Black "Bonin, Jay"]
[Result "1-0"]
[WhiteElo "2533"]
[BlackElo "2296"]
[PlyCount "103"]
[EventDate "2011.04.??"]
[EventType "swiss"]
[EventRounds "9"]
[EventCountry "USA"]
[Source "MonRoi"]

1. d4 d5 2. c4 c6 3. cxd5 cxd5 4. Nc3 Nf6 5. Bg5 Ne4 6. Nxe4 dxe4 7. a3 Be6 8.
Qd2 Nc6 9. e3 Qd5 10. Bf4 g5 11. Bg3 f5 12. Ne2 Bg7 13. Nc3 Qa5 14. Bb5 O-O 15.
O-O Rad8 16. h3 f4 17. Bh2 Bxd4 18. exd4 Nxd4 19. Qe1 Nxb5 20. Nxe4 Qxe1 21.
Rfxe1 Bd5 22. Nxg5 Rf5 23. Ne6 Bxe6 24. Rxe6 Kf7 25. Rae1 Rd7 26. R6e4 f3 27.
g4 Rf6 28. Be5 Re6 29. Kh2 Rd2 30. Kg3 Nd6 31. Bxd6 Rxe4 32. Rxe4 exd6 33. Rb4
b6 34. Rb3 d5 35. Kxf3 Ke6 36. Ke3 Rc2 37. Rb4 Kd6 38. h4 Kc5 39. g5 a5 40. Rg4
Rxb2 41. h5 Rb3+ 42. Kf4 Rh3 43. g6 hxg6 44. hxg6 Rh8 45. g7 Rg8 46. Ke5 b5 47.
Kf6 b4 48. axb4+ axb4 49. Kf7 Rxg7+ 50. Kxg7 b3 51. f4 b2 52. Rg1 1-0

[Event "Philadelphia Open"]
[Site "Philadelphia, PA"]
[Date "2011.04.22"]
[Round "4"]
[White "Amanov, Mesgen"]
[Black "Lapshun, Yury"]
[Result "1-0"]
[WhiteElo "2495"]
[BlackElo "2438"]
[PlyCount "49"]
[EventDate "2011.04.??"]
[EventType "swiss"]
[EventRounds "9"]
[EventCountry "USA"]
[Source "MonRoi"]

1. d4 d5 2. c4 c6 3. Nf3 Nf6 4. Nc3 a6 5. cxd5 cxd5 6. Bf4 Nc6 7. Rc1 e6 8. e3
Bd6 9. Bg3 Bxg3 10. hxg3 Bd7 11. Bd3 b5 12. Ne5 Rc8 13. a3 Na5 14. g4 Nc4 15.
Bxc4 bxc4 16. Qf3 Qe7 17. g5 Ng8 18. g6 Nh6 19. Rxh6 gxh6 20. gxf7+ Kd8 21. e4
dxe4 22. Nxe4 Rf8 23. Nc5 Qg5 24. Rxc4 Ke7 25. Qb7 1-0

[Event "Philadelphia Open"]
[Site "Philadelphia, PA"]
[Date "2011.04.22"]
[Round "4"]
[White "Bryant, John"]
[Black "Ludwig, Daniel"]
[Result "1/2-1/2"]
[WhiteElo "2418"]
[BlackElo "2450"]
[PlyCount "51"]
[EventDate "2011.04.??"]
[EventType "swiss"]
[EventRounds "9"]
[EventCountry "USA"]
[Source "MonRoi"]

1. e4 c5 2. c3 d5 3. exd5 Qxd5 4. d4 Nf6 5. Nf3 e6 6. Be2 Nc6 7. O-O Be7 8. Na3
cxd4 9. Nb5 Qd8 10. Nbxd4 Nxd4 11. Nxd4 O-O 12. Bf4 Qa5 13. Bg3 Ne4 14. Nb3 Qa4
15. Be5 f6 16. Bd4 e5 17. Bd3 exd4 18. Bxe4 dxc3 19. Bd5+ Kh8 20. bxc3 Qf4 21.
Nd4 Rd8 22. Re1 Bc5 23. Re4 Qg5 24. Nf3 Qh5 25. c4 Bg4 26. h3 1/2-1/2

[Event "Philadelphia Open"]
[Site "Philadelphia, PA"]
[Date "2011.04.22"]
[Round "4"]
[White "Fedorowicz, John"]
[Black "Holt, Conrad"]
[Result "1/2-1/2"]
[WhiteElo "2444"]
[BlackElo "2408"]
[PlyCount "45"]
[EventDate "2011.04.??"]
[EventType "swiss"]
[EventRounds "9"]
[EventCountry "USA"]
[Source "MonRoi"]

1. d4 d5 2. c4 c6 3. Nf3 Nf6 4. Qc2 dxc4 5. Qxc4 Bg4 6. Nbd2 Nbd7 7. g3 e6 8.
Bg2 Be7 9. O-O O-O 10. Ne5 Bh5 11. Nxd7 Nxd7 12. Nb3 a5 13. e4 a4 14. Nc5 Bxc5
15. dxc5 Qa5 16. Bf4 e5 17. Be3 Rfd8 18. f3 Nf8 19. h4 h6 20. Bh3 Qa6 21. Qxa6
Rxa6 22. Kf2 f6 23. Rfd1 1/2-1/2

[Event "Philadelphia Open"]
[Site "Philadelphia, PA"]
[Date "2011.04.22"]
[Round "4"]
[White "Harmon-Vellotti, Luke"]
[Black "Stopa, Jacek"]
[Result "1/2-1/2"]
[WhiteElo "2128"]
[BlackElo "2453"]
[PlyCount "82"]
[EventDate "2011.04.??"]
[EventType "swiss"]
[EventRounds "9"]
[EventCountry "USA"]
[Source "MonRoi"]

1. e4 e6 2. d4 d5 3. Nc3 Nf6 4. Bg5 Bb4 5. e5 h6 6. Bd2 Bxc3 7. bxc3 Ne4 8. Qg4
g6 9. Bd3 Nxd2 10. Kxd2 c5 11. Nf3 Nc6 12. Qf4 Bd7 13. Rab1 cxd4 14. Nxd4 Qg5
15. Qxg5 hxg5 16. Nxc6 Bxc6 17. Rb4 d4 18. f3 g4 19. Rxd4 gxf3 20. gxf3 Bxf3
21. Rf1 Rxh2+ 22. Ke3 Bc6 23. Rdf4 Rh5 24. Rxf7 Rxe5+ 25. Kf4 Ra5 26. Rc7 Rd5
27. Bxg6+ Kd8 28. Rh7 Be8 29. Rg1 Rd7 30. Rh8 Ke7 31. Rgh1 Rc8 32. R8h7+ Kf6
33. Bxe8 Rxh7 34. Rxh7 Rxe8 35. Rxb7 Rc8 36. Rxa7 Rxc3 37. Ra5 Rxc2 38. Ke4 Rh2
39. Kf4 Rh4+ 40. Kf3 e5 41. Ra8 Rh3+ 1/2-1/2

[Event "Philadelphia Open"]
[Site "Philadelphia, PA"]
[Date "2011.04.22"]
[Round "4"]
[White "Yang, Darwin"]
[Black "Tuhrim, Richard"]
[Result "1/2-1/2"]
[WhiteElo "2416"]
[BlackElo "2130"]
[PlyCount "38"]
[EventDate "2011.04.??"]
[EventType "swiss"]
[EventRounds "9"]
[EventCountry "USA"]
[Source "MonRoi"]

1. d4 d5 2. c4 c6 3. Nc3 Nf6 4. e3 g6 5. Nf3 Bg7 6. Bd3 O-O 7. h3 c5 8. O-O
cxd4 9. exd4 Nc6 10. c5 Bf5 11. Bf4 Bxd3 12. Qxd3 Qd7 13. Bh2 Rfc8 14. a3 Ne4
15. Nxe4 dxe4 16. Qxe4 Nxd4 17. Nxd4 Qxd4 18. Qxe7 Qxc5 19. Qxb7 Qb6 1/2-1/2

[Event "Philadelphia Open"]
[Site "Philadelphia, PA"]
[Date "2011.04.22"]
[Round "4"]
[White "Cao, Kevin"]
[Black "Mandiza, Farai"]
[Result "0-1"]
[WhiteElo "2103"]
[BlackElo "2412"]
[PlyCount "146"]
[EventDate "2011.04.??"]
[EventType "swiss"]
[EventRounds "9"]
[EventCountry "USA"]
[Source "MonRoi"]

1. e4 c5 2. Nf3 d6 3. d4 cxd4 4. Nxd4 Nf6 5. Nc3 Nc6 6. Be2 Bd7 7. Be3 g6 8.
O-O Bg7 9. f4 O-O 10. Kh1 Rc8 11. Qd2 Na5 12. Rad1 Nc4 13. Bxc4 Rxc4 14. Qd3
Rc8 15. Bg1 Qa5 16. Nb3 Qc7 17. e5 Bf5 18. Qd4 dxe5 19. fxe5 Rcd8 20. exf6 Rxd4
21. fxg7 Rxd1 22. gxf8=Q+ Kxf8 23. Rxd1 b6 24. Nd4 Bg4 25. Re1 Qb7 26. Be3 f6
27. Ne4 Kg7 28. Bd2 Qd5 29. Bc3 Bc8 30. Nf3 h6 31. Bb4 Qd8 32. Nf2 e5 33. Bc3
g5 34. Rd1 Qe8 35. Ne4 Qa4 36. Ng3 Be6 37. Ng1 Qxc2 38. Nh5+ Kg6 39. Rd6 Kf7
40. Rd2 Qg6 41. Ng3 h5 42. Rf2 Ke7 43. Bb4+ Ke8 44. Re2 Bd5 45. h3 h4 46. Nf1
Bxa2 47. Nh2 Bc4 48. Re3 e4 49. Ng4 f5 50. Ne5 Qe6 51. Nxc4 Qxc4 52. Bc3 Kf7
53. Re1 Qd3 54. Ne2 b5 55. Nd4 f4 56. Nc6 Kg8 57. Ne5 Qc2 58. Ra1 b4 59. Bd4
Qd2 60. Bxa7 Qxb2 61. Ra5 Qc1+ 62. Bg1 b3 63. Kh2 b2 64. Bd4 b1=Q 65. Ra8+ Kg7
66. Nd3+ Kf7 67. Nxc1 Qxc1 68. Ra5 f3 69. Rf5+ Kg6 70. Rf6+ Kh5 71. g4+ hxg3+
72. Kxg3 Qh1 73. Kf2 Qg2+ 0-1